Asia's most powerful nations - Statistics

General Stats
  • This quiz has been taken 79 times
  • The average score is 14 of 15
Answer Stats
Hint Answer % Correct
1 China
100%
2 India
100%
4 Japan
100%
6 Pakistan
99%
3 South Korea
99%
12 Indonesia
97%
9 Iran
96%
11 Saudi Arabia
96%
8 North Korea
93%
5 Turkey
89%
13 Thailand
86%
15 Vietnam
86%
7 Israel
85%
14 UAE
84%
10 Taiwan
82%
No matching quizzes found
Score Distribution
Percent of People with Each Score
Percentile by Number Answered
Your Score History
You have not taken this quiz